| 000 | 00569nam a2200169Ia 4500 | ||
|---|---|---|---|
| 999 |
_c3739 _d3739 |
||
| 020 | _a0521414318 | ||
| 050 |
_aB2799 _b.A4G86 |
||
| 100 | 1 | _aGuyer, Paul, | |
| 245 | 1 | 0 |
_aKant and the experience of freedom : _bessays on aesthetics and morality / _cPaul Guyer. |
| 260 |
_aUnited states _bPress Syndicate _c1996 |
||
| 300 |
_axv, 449 pages ; _c24 cm. |
||
| 505 | _aKant's aesthetics in historical context Kant's aestheitic and morality: topical studies | ||
| 650 | 0 | _aAesthetics, Modern | |
| 650 | 0 | _aEthics, Modern | |
| 650 | 0 | _aFree will and determinism. | |
| 942 | _cBK | ||